HANDBOOK OF DISRUPTIVE TECHNOLOGIES (Record no. 33167)

MARC details
000 -LEADER
fixed length control field 00293nam a22001337a 4500
003 - CONTROL NUMBER IDENTIFIER
control field SGT
020 ## - INTERNATIONAL STANDARD BOOK NUMBER
International Standard Book Number 9781032699875
082 ## - DEWEY DECIMAL CLASSIFICATION NUMBER
Classification number 658
Item number PRA
100 ## - MAIN ENTRY--PERSONAL NAME
Personal name PRAKASH CHAND
245 ## - TITLE STATEMENT
Title HANDBOOK OF DISRUPTIVE TECHNOLOGIES
260 ## - PUBLICATION, DISTRIBUTION, ETC. (IMPRINT)
Place of publication, distribution, etc INDIA
Name of publisher, distributor, etc CRC PRESS
Year of Publication 2025
300 ## - PAGE DESCRIPTION
No. of Pages 202
942 ## - ADDED ENTRY ELEMENTS (KOHA)
Source of classification or shelving scheme Dewey Decimal Classification
Koha item type Books
Holdings
Withdrawn status Lost status Source of classification or shelving scheme Damaged status Not for loan Collection code Home library Current library Shelving location Date acquired Vendor Name SGTU Total Checkouts Full call number Accession No. (Barcode) Date last seen Bill Date Koha item type
    Dewey Decimal Classification   Not For Loan COMMERCE MANAGEMENT SGT Science & Social Sciences Library SGT Science & Social Sciences Library On Display 11/11/2025 FACULTY PUBLICATION SGTU   658 PRA CM7427 11/11/2025 11/11/2025 Books